000 00573nam a2200193Ia 4500
003 GCL
008 140319s9999 xx 000 0 ara d
040 _aGCL /
_cGCL
082 0 4 _aط
_b453.1
_bم ق
100 1 _aمكتبة لبنان
245 1 0 _aقاموس الالفبائى عربى ايطالى /
_cمكتبة لبنان
260 _a[S.N] :
_bمكتبة لبنان
300 _a40 ص
490 _aقاموس الالفبائى التمهيدى
_v0
650 0 4 _aالاطفال
650 0 4 _aاللغات
650 0 4 _aالايطالية
942 _2ddc
_cBK
999 _c32742
_d32742